General Knowledge Multiple Choice #3 - Statistics

General Stats
  • This quiz has been taken 101 times
  • The average score is 7 of 15
Answer Stats
Question Answer % Correct
What is the most used word in the English language? The
100%
What is "One, two, three" in French? Un, deux, trois
100%
What is the most popular online store worldwide? Amazon
80%
What is the most populated state in the United States? California
80%
What is the most understood and most frequently used word world wide? OK
80%
When were wheels invented? 3,500 B.C.
60%
What was the first computer equal to in size? A small house
60%
True or False: California used to be a part of Spain True
60%
What was the last (full) album Adele released? Cold Shoulder
40%
What were George Washington's teeth made out of? Hippopotamus ivory
40%
Which one of these artists were homeless before fame? Mariah Carey
20%
What is the universal language? Math
20%
What United State has the most crimes? Alaska
0%
What genre of music is the most popular? EDM
0%
Which planet has the largest ring system? J1407b
0%
No matching quizzes found
Score Distribution
Percent of People with Each Score
Percentile by Number Answered
Your Score History
You have not taken this quiz